000 00276nam a2200121Ia 4500
008 190216s9999||||xx |||||||||||||| ||und||
100 _aTripathi Ps
245 0 _aIndian History
260 _bYoung Man & Co
_c1985
300 _a151p
650 _aIndian History
942 _cREF
999 _c35683
_d35683